The physics of everyday phenomena (Record no. 64266)
[ view plain ]
| 000 -LEADER | |
|---|---|
| fixed length control field | 00418nam a22001697a 4500 |
| 003 - CONTROL NUMBER IDENTIFIER | |
| control field | NUST - PNEC |
| 005 - DATE AND TIME OF LATEST TRANSACTION | |
| control field | 20170116180837.0 |
| 008 - FIXED-LENGTH DATA ELEMENTS--GENERAL INFORMATION | |
| fixed length control field | 150811b xxu||||| |||| 00| 0 eng d |
| 020 ## - INTERNATIONAL STANDARD BOOK NUMBER | |
| International Standard Book Number | 0072509775 |
| 040 ## - CATALOGING SOURCE | |
| Transcribing agency | LIBRARY |
| 082 ## - DEWEY DECIMAL CLASSIFICATION NUMBER | |
| Classification number | 530 GRI |
| 100 ## - MAIN ENTRY--PERSONAL NAME | |
| 9 (RLIN) | 5076 |
| Personal name | Griffith, W. Thomas |
| 245 ## - TITLE STATEMENT | |
| Title | The physics of everyday phenomena |
| Statement of responsibility, etc. | W. Thomas |
| 250 ## - EDITION STATEMENT | |
| Edition statement | 4th ed |
| 650 ## - SUBJECT ADDED ENTRY--TOPICAL TERM | |
| 9 (RLIN) | 5077 |
| Topical term or geographic name entry element | Physics |
| General subdivision | - |
| 942 ## - ADDED ENTRY ELEMENTS (KOHA) | |
| Source of classification or shelving scheme | |
| Koha item type | Book |
| Withdrawn status | Lost status | Source of classification or shelving scheme | Damaged status | Not for loan | Permanent Location | Current Location | Shelving location | Date acquired | Total Checkouts | Full call number | Barcode | Date last seen | Date last checked out | Price effective from | Koha item type |
|---|---|---|---|---|---|---|---|---|---|---|---|---|---|---|---|
| Pakistan Navy Engineering College (PNEC) | Pakistan Navy Engineering College (PNEC) | 3 | 530 GRI | PNECLIB-029956 | 12/02/2016 | 11/09/2016 | Book |
